Loading...
| Science - Other | 4 | 1 | 0 | 0 | 70 | 41 | 56.80 | 4 | 5 | 0.00 | 0.00 |
| Fine Arts - Other Arts | 3 | 2 | 0 | 1 | 65 | 61 | 90.80 | 1 | 4 | 0.00 | 0.00 |
| Literature - American | 1 | 3 | 0 | 0 | 45 | 56 | 85.00 | 1 | 2 | 0.00 | 0.00 |
| Social Science | 1 | 3 | 0 | 0 | 45 | 75 | 99.50 | 1 | 2 | 0.00 | 0.00 |
| Philosophy | 1 | 2 | 0 | 0 | 35 | 47 | 78.33 | 1 | 1 | 0.00 | 0.00 |
| Literature - British | 1 | 2 | 0 | 0 | 35 | 35 | 78.00 | 1 | 2 | 0.00 | 0.00 |
| Literature - European | 2 | 0 | 0 | 0 | 30 | 62 | 67.50 | 2 | 2 | 0.00 | 0.00 |
| Science - Physics | 1 | 1 | 0 | 0 | 25 | 54 | 69.50 | 1 | 1 | 0.00 | 0.00 |
| Visual Arts | 0 | 2 | 0 | 1 | 20 | 117 | 123.50 | 0 | 0 | 0.00 | 0.00 |
| Other Academic | 0 | 1 | 0 | 0 | 10 | 106 | 106.00 | 0 | 0 | 0.00 | 0.00 |